Liste des 23 - Brésil Coupe du Monde 2014 - Statistiques

Statistiques générales
  • Ce quiz a été pris 130 fois
  • Le résultat moyen est 12 sur 23
Statistiques - réponses
Poste Numéro Joueur % Correct
A 10 Neymar JR
99%
D 4 David Luiz
92%
D 3 Thiago Silva
92%
D 6 Marcelo
88%
M 11 Oscar
87%
D 2 Dani Alves
85%
G 12 Júlio César
81%
A 7 Hulk
77%
A 9 Fred
64%
M 5 Fernandinho
57%
A 19 Willian
47%
M 8 Paulinho
46%
M 17 Luiz Gustavo
45%
M 20 Bernard
44%
M 16 Ramires
44%
D 13 Dante
41%
D 23 Maicon
39%
D 14 Maxwell
33%
A 21
20%
M 18 Hernanes
13%
G 1 Jefferson
10%
D 15 Henrique
9%
G 22 Victor
7%
Aucun quiz correspondant
Distribution des résultats
% des personnes avec chaque résultat
Percentile par nombre de réponses
Votre historique - résultats
Vous n’avez pas pris ce quiz